[Event "6th EUR-ch (w)"]
[Site "Chisinau MDA"]
[Date "2005.06.11"]
[Round "1"]
[White "Kosintseva, Tatiana"]
[Black "Eidelson, Rakhil"]
[Result "1-0"]
[WhiteElo "2486"]
[BlackElo "2268"]
[EventDate "2005.06.10"]
[PlyCount "87"]

1.e4 c5 2.Nc3 Nc6 3.Bb5 a6 4.Bxc6 dxc6 5.d3 e5 6.Nge2 Bd6 7.O-O Ne7 8.f4 
exf4 9.Bxf4 Bxf4 10.Nxf4 Ng6 11.Qh5 Qd4+ 12.Kh1 Qe5 13.Na4 O-O 14.Qxe5 
Nxe5 15.Nxc5 g5 16.Nh5 b6 17.Na4 Rb8 18.d4 Nc4 19.e5 Rd8 20.c3 c5 21.dxc5 
bxc5 22.b3 Ne3 23.Nf6+ Kg7 24.Rf3 Nxg2 25.Kxg2 Bb7 26.Kg3 Bxf3 27.Kxf3 c4 
28.Nc5 Kg6 29.Ke3 a5 30.Nfd7 Rbc8 31.Rd1 cxb3 32.axb3 Kf5 33.b4 axb4 34.
cxb4 Ra8 35.Rd6 Ra3+ 36.Kd4 Ra2 37.h3 Kf4 38.Rf6+ Kg3 39.Rxf7 h5 40.e6 
Kxh3 41.e7 Rc8 42.Rf8 Raa8 43.Ne6 Re8 44.Nf6 1-0

[Event "6th EUR-ch (w)"]
[Site "Chisinau MDA"]
[Date "2005.06.11"]
[Round "1"]
[White "Calotescu, Ana-Cristina"]
[Black "Dzagnidze, Nana"]
[Result "0-1"]
[WhiteElo "2268"]
[BlackElo "2482"]
[EventDate "2005.06.10"]
[PlyCount "94"]

1.Nf3 Nf6 2.c4 e6 3.g3 a6 4.b3 c5 5.Bg2 b5 6.O-O Bb7 7.Bb2 Be7 8.d3 d6 9.
Nbd2 O-O 10.e3 Nc6 11.a3 Rb8 12.Qc2 Nd7 13.h4 Bf6 14.d4 cxd4 15.exd4 Na5 
16.cxb5 axb5 17.a4 bxa4 18.Rxa4 Bd5 19.Ba3 Nxb3 20.Bxd6 Rc8 21.Qd3 Nxd2 
22.Qxd2 Nb6 23.Bxf8 Nxa4 24.Bb4 Bxf3 25.Bxf3 Qxd4 26.Qxd4 Bxd4 27.Rd1 e5 
28.Kg2 g6 29.h5 Kg7 30.hxg6 hxg6 31.Bd5 Rb8 32.Be1 Rb2 33.Rd2 Rb1 34.Re2 
Nc5 35.Ba2 Rd1 36.Bc4 Rc1 37.Bb5 f5 38.f3 Kf6 39.Ba5 e4 40.Bd8+ Kg7 41.Bg5
exf3+ 42.Kxf3 Rc3+ 43.Kf4 Ne4 44.g4 Nxg5 45.Kxg5 Bf6+ 46.Kf4 g5+ 47.Kxf5 
Rc5+ 0-1

[Event "6th EUR-ch (w)"]
[Site "Chisinau MDA"]
[Date "2005.06.11"]
[Round "1"]
[White "Gaponenko, Inna"]
[Black "Tarasova, Viktoria"]
[Result "0-1"]
[WhiteElo "2482"]
[BlackElo "2268"]
[EventDate "2005.06.10"]
[PlyCount "124"]

1.e4 d6 2.d4 Nf6 3.Nc3 g6 4.Be3 Bg7 5.Be2 c6 6.Qd2 b5 7.a3 Qc7 8.Bh6 O-O 
9.Bxg7 Kxg7 10.h4 h5 11.f4 e5 12.Nf3 exf4 13.Qxf4 Bg4 14.Rf1 Qe7 15.O-O-O 
Nbd7 16.Rde1 a5 17.e5 Ne8 18.exd6 Qxd6 19.Ne5 Bxe2 20.Rxe2 Ndf6 21.Ne4 
Nxe4 22.Qxe4 Rc8 23.Ref2 f5 24.Qf4 Nc7 25.Qg5 Qf6 26.Qg3 Qe6 27.Qc3 Nd5 
28.Qxa5 Ra8 29.Qe1 Nf6 30.Kb1 Ne4 31.Re2 b4 32.Qxb4 Rfb8 33.Qe1 Rxa3 34.c4
Nc3+ 35.Kc2 Nxe2 36.Qxe2 Rab3 37.Rb1 Qd6 38.Nf3 Qb4 39.Qe5+ Kh6 40.Qf4+ 
Kh7 41.Qc7+ Kg8 42.Nd2 Rxb2+ 43.Rxb2 Qxb2+ 44.Kd3 Qa3+ 45.Kc2 Qa4+ 46.Kd3 
Qa3+ 47.Kc2 Rb2+ 48.Kd1 Qa4+ 49.Ke1 Qa1+ 50.Ke2 Rxd2+ 51.Kxd2 Qxd4+ 52.Ke2
Qxc4+ 53.Ke3 Qe4+ 54.Kf2 Qxh4+ 55.Kg1 Qd4+ 56.Kh1 c5 57.Qe7 c4 58.Qe8+ Kg7
59.Qe7+ Kh6 60.Qf8+ Qg7 61.Qa3 c3 62.Qc1+ Kh7 0-1

[Event "6th EUR-ch (w)"]
[Site "Chisinau MDA"]
[Date "2005.06.11"]
[Round "1"]
[White "Szczepkowska, Karina"]
[Black "Lahno, Kateryna"]
[Result "0-1"]
[WhiteElo "2264"]
[BlackElo "2467"]
[EventDate "2005.06.10"]
[PlyCount "66"]

1.e4 d6 2.Nc3 g6 3.g3 Bg7 4.Bg2 c5 5.d3 Nc6 6.f4 e6 7.Nf3 Nge7 8.O-O O-O 
9.Be3 Nd4 10.e5 Nef5 11.Bf2 Nxf3+ 12.Bxf3 dxe5 13.fxe5 Bxe5 14.Bxc5 Bd4+ 
15.Bxd4 Nxd4 16.Bg2 Qb6 17.Na4 Qa5 18.Nc3 Qb6 19.Na4 Qb5 20.c4 Qa5 21.Nc3 
Bd7 22.Qg4 Nc2 23.Qh4 Nxa1 24.Ne4 f5 25.Ng5 h5 26.Rxa1 Qb6+ 27.d4 e5 28.
Bd5+ Kg7 29.Nf3 Rae8 30.Re1 e4 31.b3 Bc6 32.c5 Qb4 33.Bc4 Qc3 0-1

[Event "6th EUR-ch (w)"]
[Site "Chisinau MDA"]
[Date "2005.06.11"]
[Round "1"]
[White "Socko, Monika"]
[Black "Guseva, Marina"]
[Result "1-0"]
[WhiteElo "2464"]
[BlackElo "2264"]
[EventDate "2005.06.10"]
[PlyCount "61"]

1.d4 d5 2.c4 e6 3.Nc3 c6 4.cxd5 exd5 5.Qc2 Be7 6.Bf4 Nf6 7.e3 Nbd7 8.Bd3 
Nf8 9.Nge2 Ng6 10.Bg3 Bd6 11.O-O-O O-O 12.h4 Bxg3 13.Nxg3 Re8 14.Kb1 Bd7 
15.h5 Nf8 16.Nf5 Bxf5 17.Bxf5 Re7 18.g4 Ne8 19.g5 Nd6 20.Bd3 a5 21.Rdg1 b5
22.Ne2 Nc4 23.Nf4 Rc8 24.Bxh7+ Nxh7 25.g6 Nf8 26.h6 fxg6 27.Rxg6 Rcc7 28.
Qf5 Nd2+ 29.Ka1 Ne4 30.h7+ Kh8 31.Rd6 1-0

[Event "6th EUR-ch (w)"]
[Site "Chisinau MDA"]
[Date "2005.06.11"]
[Round "1"]
[White "Andriasian, Siranush"]
[Black "Cmilyte, Viktorija"]
[Result "0-1"]
[WhiteElo "2263"]
[BlackElo "2459"]
[EventDate "2005.06.10"]
[PlyCount "126"]

1.e4 c5 2.Nf3 Nc6 3.Nc3 e5 4.Bc4 d6 5.d3 Be7 6.O-O Nf6 7.Ng5 O-O 8.f4 Bg4 
9.Qd2 exf4 10.Qxf4 Bh5 11.Be3 Nd4 12.Bb3 h6 13.Nf3 Bxf3 14.gxf3 Nxb3 15.
axb3 d5 16.Ne2 Qd7 17.Qg3 Kh7 18.Kh1 g6 19.Nf4 Bd6 20.Qh4 Bxf4 21.Qxf4 Ng8
22.Qe5 Rae8 23.Qg3 b6 24.Rg1 Re6 25.Bd2 a5 26.Rae1 d4 27.h4 h5 28.Qh3 Rd6 
29.Qxd7 Rxd7 30.Bg5 Re8 31.Rg2 Ra7 32.Ra1 Kg7 33.Kh2 Rd7 34.Rag1 Kh7 35.
Bd2 Ra7 36.f4 Nf6 37.f5 Ng4+ 38.Kh3 gxf5 39.exf5 Re5 40.Rf1 Rae7 41.Rgg1 
Re2 42.Re1 R7e5 43.Rxe2 Rxe2 44.Rg2 Re5 45.Kg3 Rxf5 46.Re2 Kg6 47.Bf4 Nf6 
48.c4 dxc3 49.bxc3 Rd5 50.Rd2 Rd7 51.Kf3 Kf5 52.d4 cxd4 53.cxd4 Nd5 54.Bb8
Re7 55.Rd3 Re4 56.Bg3 f6 57.Bf2 Rf4+ 58.Kg3 Ke4 59.Rd2 Rg4+ 60.Kh2 f5 61.
Rd1 f4 62.Rc1 Kf3 63.Be1 Ke2 0-1

[Event "6th EUR-ch (w)"]
[Site "Chisinau MDA"]
[Date "2005.06.11"]
[Round "1"]
[White "Kosintseva, Nadezhda"]
[Black "Chulivska, Vita"]
[Result "1-0"]
[WhiteElo "2459"]
[BlackElo "2262"]
[EventDate "2005.06.10"]
[PlyCount "73"]

1.e4 c5 2.Nc3 d6 3.f4 Nc6 4.Nf3 g6 5.Bb5 Bd7 6.O-O Bg7 7.d3 e6 8.f5 Nd4 9.
Bg5 f6 10.Bxd7+ Qxd7 11.Nxd4 cxd4 12.fxe6 Qxe6 13.Nd5 O-O-O 14.Bh4 g5 15.
Bf2 f5 16.Qd2 fxe4 17.dxe4 Nf6 18.Nxf6 Qxf6 19.Rad1 d5 20.Bxd4 Qxd4+ 21.
Qxd4 Bxd4+ 22.Rxd4 dxe4 23.Rxe4 Rd2 24.Rc4+ Kb8 25.h3 Re8 26.Rf7 h5 27.Rg7
b5 28.Rc5 Re1+ 29.Kh2 h4 30.Rxb5+ Kc8 31.Rgxg5 Rxc2 32.Rgc5+ Rxc5 33.Rxc5+
Kb7 34.Rc4 Re2 35.Rxh4 Rxb2 36.a4 Kb6 37.Rf4 1-0

[Event "6th EUR-ch (w)"]
[Site "Chisinau MDA"]
[Date "2005.06.11"]
[Round "1"]
[White "Zakurdyaeva, Irina"]
[Black "Radziewicz, Iweta"]
[Result "1/2-1/2"]
[WhiteElo "2260"]
[BlackElo "2457"]
[EventDate "2005.06.10"]
[PlyCount "106"]

1.e4 e6 2.d4 d5 3.Nc3 Nf6 4.Bg5 Bb4 5.e5 h6 6.Bd2 Bxc3 7.bxc3 Ne4 8.Qg4 g6
9.Bd3 Nxd2 10.Kxd2 c5 11.Nf3 Qc7 12.dxc5 Nd7 13.Bxg6 Nxc5 14.Bd3 Bd7 15.
Qh4 Rc8 16.Ke2 Ne4 17.Rhe1 Qxc3 18.Rab1 Bc6 19.Kf1 a6 20.Red1 Qc5 21.Bxe4 
dxe4 22.Nd4 Bd5 23.Kg1 Qe7 24.Qxe7+ Kxe7 25.Nf5+ exf5 26.Rxd5 b5 27.a4 
Rhd8 28.Rxd8 Rxd8 29.axb5 axb5 30.f4 Rd5 31.Kf2 Rc5 32.Ke3 Ke6 33.Rb4 f6 
34.exf6 Kxf6 35.Kd2 Ke6 36.Rb3 Kd5 37.Rh3 Kd4 38.Rxh6 e3+ 39.Kd1 Ke4 40.h4
Kxf4 41.Rg6 Rd5+ 42.Ke1 Rd2 43.h5 Rxc2 44.h6 Rc1+ 45.Ke2 Rh1 46.g3+ Ke4 
47.Re6+ Kd4 48.Rd6+ Ke5 49.Rb6 Ke4 50.Re6+ Kd5 51.Rb6 Ke4 52.Re6+ Kd4 53.
Rd6+ Ke5 1/2-1/2

[Event "6th EUR-ch (w)"]
[Site "Chisinau MDA"]
[Date "2005.06.11"]
[Round "1"]
[White "Skripchenko, Almira"]
[Black "Galoian, Lilit"]
[Result "1-0"]
[WhiteElo "2453"]
[BlackElo "2256"]
[EventDate "2005.06.10"]
[PlyCount "129"]

1.e4 c5 2.Nf3 Nc6 3.Bb5 e6 4.Bxc6 bxc6 5.d3 Ne7 6.O-O Ng6 7.Ng5 f6 8.Nh3 
e5 9.Qh5 Bd6 10.f4 exf4 11.Bxf4 Qc7 12.Nd2 O-O 13.Bxd6 Qxd6 14.Nc4 Qe7 15.
Nf4 Nxf4 16.Rxf4 Ba6 17.Ne3 Qe5 18.Nf5 Qe8 19.Qh3 g6 20.Nh6+ Kg7 21.Raf1 
Qe6 22.Qe3 d6 23.Ng4 f5 24.exf5 Qxe3+ 25.Nxe3 Rae8 26.f6+ Kh8 27.R1f3 Bc8 
28.Kf2 d5 29.h4 h5 30.c3 Rf7 31.a3 Ba6 32.Nc2 c4 33.dxc4 Bxc4 34.Re3 Ref8 
35.Re6 c5 36.Rc6 Bd3 37.Ne1 Bf5 38.Rxc5 Rxf6 39.Nf3 Rb6 40.Rb4 Be4 41.Rxb6
axb6 42.Rc7 Rf4 43.Rb7 Bxf3 44.gxf3 Rxh4 45.Rxb6 Kg7 46.Rb5 Rh1 47.Kg2 Rb1
48.a4 Kf6 49.a5 Ke5 50.c4 Kd4 51.cxd5 Kc4 52.Rb6 Kxd5 53.b4 g5 54.a6 Rb2+ 
55.Kg3 h4+ 56.Kh3 Rb3 57.Kg4 Ra3 58.Rb5+ Kc6 59.Rxg5 h3 60.Rh5 Ra4 61.Rxh3
Rxb4+ 62.f4 Ra4 63.Rh6+ Kd7 64.Kg5 Ke7 65.a7 1-0

[Event "6th EUR-ch (w)"]
[Site "Chisinau MDA"]
[Date "2005.06.11"]
[Round "1"]
[White "Calzetta Ruiz, Monica"]
[Black "Arakhamia-Grant, Ketevan"]
[Result "1/2-1/2"]
[WhiteElo "2254"]
[BlackElo "2452"]
[EventDate "2005.06.10"]
[PlyCount "57"]

1.e4 c5 2.Nf3 Nc6 3.d4 cxd4 4.Nxd4 Nf6 5.Nc3 e5 6.Ndb5 d6 7.a4 a6 8.Na3 
Be6 9.Bg5 Rc8 10.Be2 Nd4 11.O-O Be7 12.Kh1 O-O 13.f4 Nxe2 14.Qxe2 exf4 15.
Bxf4 d5 16.e5 Nd7 17.Rfd1 Qa5 18.Rd3 Rfd8 19.Bd2 Bb4 20.Nxd5 Bxd5 21.Bxb4 
Qxb4 22.Rxd5 Nb6 23.Rxd8+ Rxd8 24.c3 Qxa4 25.e6 Qe8 26.exf7+ Qxf7 27.Rf1 
Qd7 28.Nc2 h6 29.Nd4 1/2-1/2

[Event "6th EUR-ch (w)"]
[Site "Chisinau MDA"]
[Date "2005.06.11"]
[Round "1"]
[White "Peptan, Corina-Isabela"]
[Black "Ionescu, Irina"]
[Result "1-0"]
[WhiteElo "2435"]
[BlackElo "2252"]
[EventDate "2005.06.10"]
[PlyCount "139"]

1.e4 d5 2.exd5 Qxd5 3.Nc3 Qa5 4.d4 c6 5.Nf3 Bf5 6.Bc4 e6 7.Bd2 Nf6 8.Nd5 
Qd8 9.Nxf6+ gxf6 10.Bb3 Nd7 11.Qe2 Qc7 12.O-O-O O-O-O 13.Nh4 Bg6 14.g3 Bd6
15.Rhe1 Kb8 16.Kb1 Rc8 17.Bc3 Ka8 18.f4 f5 19.d5 cxd5 20.Bxh8 Rxh8 21.c4 
dxc4 22.Qxc4 Qxc4 23.Bxc4 Bb4 24.Rxe6 Nb6 25.Rxb6 axb6 26.Rd7 Re8 27.Bxf7 
Re1+ 28.Kc2 Bxf7 29.Rxf7 Re2+ 30.Kb3 Bc5 31.Rxh7 Rxh2 32.Rd7 Be3 33.Nxf5 
Bc1 34.Rd1 Bxb2 35.Rd8+ Ka7 36.Rc8 Bf6 37.Rc2 Rh5 38.Ne3 Bd4 39.Re2 Rc5 
40.Nd1 b5 41.Rc2 Rh5 42.Rd2 Bc5 43.Nc3 Kb6 44.Ne4 Rh1 45.Rd5 Bf8 46.Nc3 b4
47.Rd1 Rh2 48.Nd5+ Kc6 49.Rd3 Rf2 50.g4 Bd6 51.g5 Bxf4 52.Nxf4 Rxf4 53.Rg3
Rf7 54.g6 Rg7 55.Kxb4 Kd5 56.Kb5 Kd4 57.a4 Kd5 58.Rg4 Kd6 59.Kb6 Kd5 60.a5
Kd6 61.Rg5 Ke6 62.Rg1 Kd6 63.Rg2 Kd5 64.Rd2+ Kc4 65.Rd6 Kb4 66.Rd4+ Kc3 
67.Rg4 Kd3 68.Kc5 Ke3 69.Kd5 Kf3 70.Rg1 1-0

[Event "6th EUR-ch (w)"]
[Site "Chisinau MDA"]
[Date "2005.06.11"]
[Round "1"]
[White "Dolukhanova, Evgeniya"]
[Black "Javakhishvili, Lela"]
[Result "0-1"]
[WhiteElo "2251"]
[BlackElo "2430"]
[EventDate "2005.06.10"]
[PlyCount "98"]

1.e4 c5 2.Nf3 Nc6 3.Bb5 e6 4.Bxc6 bxc6 5.d3 Qc7 6.O-O Ne7 7.Nc3 Ng6 8.Be3 
e5 9.Na4 d6 10.c3 Qa5 11.b3 Be7 12.d4 cxd4 13.cxd4 O-O 14.Rc1 Rd8 15.h3 
Ba6 16.Re1 Rac8 17.Qc2 exd4 18.Nxd4 c5 19.Nf5 Bf8 20.Bd2 Qc7 21.Nb2 d5 22.
exd5 Rxd5 23.Ne3 Rh5 24.Nec4 Bb7 25.Qd1 Qc6 26.f3 Nh4 27.Qe2 Qg6 28.Kh2 
Nf5 29.Qf2 Nd4 30.Nd3 Qxd3 31.Bf4 Qf5 32.Qg3 Qg6 33.Qf2 Rf5 34.Ne5 Qa6 35.
Bg3 Re8 36.Rcd1 Bd6 37.Nc4 Bf8 38.Bc7 Rc8 39.Be5 Qg6 40.Bxd4 cxd4 41.Qxd4 
h5 42.Qxa7 Bd5 43.Qd7 Be6 44.Qb7 h4 45.Kh1 Rfc5 46.Ne5 Qg3 47.Qe4 Rc2 48.
Re2 Rc1 49.Rde1 Bxh3 0-1

[Event "6th EUR-ch (w)"]
[Site "Chisinau MDA"]
[Date "2005.06.11"]
[Round "1"]
[White "Matveeva, Svetlana"]
[Black "Susterman, Anja"]
[Result "1-0"]
[WhiteElo "2423"]
[BlackElo "2250"]
[EventDate "2005.06.10"]
[PlyCount "71"]

1.d4 f5 2.g3 Nf6 3.Bg2 d6 4.Nf3 g6 5.b3 Bg7 6.Bb2 O-O 7.O-O Qe8 8.c4 c6 9.
Qc2 Na6 10.Nbd2 h6 11.a3 g5 12.e3 Nc7 13.b4 Bd7 14.a4 Rc8 15.Ne1 Qh5 16.
Nd3 Kh8 17.Rfe1 Rce8 18.f3 Qg6 19.Rac1 Nh5 20.f4 Nf6 21.b5 Rc8 22.Qd1 Ne4 
23.Ba3 Rfe8 24.Nxe4 fxe4 25.Nf2 d5 26.cxd5 cxd5 27.Kh1 gxf4 28.gxf4 a6 29.
Rg1 Qf6 30.bxa6 Qxa6 31.Bh3 Bxa4 32.Qh5 Ne6 33.Rxc8 Rxc8 34.Qg6 Be8 35.
Qxe6 Qxe6 36.Bxe6 1-0

[Event "6th EUR-ch (w)"]
[Site "Chisinau MDA"]
[Date "2005.06.11"]
[Round "1"]
[White "Makka, Ioulia"]
[Black "Moser, Eva"]
[Result "1-0"]
[WhiteElo "2250"]
[BlackElo "2422"]
[EventDate "2005.06.10"]
[PlyCount "117"]

1.e4 c5 2.Nf3 Nc6 3.d4 cxd4 4.Nxd4 Nf6 5.Nc3 e5 6.Ndb5 d6 7.Bg5 a6 8.Na3 
b5 9.Bxf6 gxf6 10.Nd5 f5 11.c3 Bg7 12.Bd3 Be6 13.Nxb5 axb5 14.Bxb5 Bd7 15.
exf5 Nb8 16.Bd3 Ra5 17.Be4 Qh4 18.Qf3 Na6 19.b4 Rxd5 20.f6 Bxf6 21.g3 Qg4 
22.Qxg4 Bxg4 23.Bxd5 e4 24.Kd2 Bg5+ 25.Kc2 f5 26.a4 Be2 27.Kb3 Kd7 28.Ra2 
Bd3 29.Bb7 Nc7 30.a5 d5 31.Kb2 Bc4 32.Raa1 Bf6 33.a6 d4 34.Rhd1 d3 35.a7 
Na8 36.Ra5 Be6 37.f3 Kc7 38.Bd5 Bxd5 39.Rxd5 Rf8 40.Kb3 Be7 41.fxe4 fxe4 
42.Re5 Bf6 43.Rxe4 Rd8 44.h4 Kb7 45.Re6 Bh8 46.Re7+ Nc7 47.a8=Q+ Rxa8 48.
Rxd3 Kc6 49.Rxh7 Nb5 50.Rh6+ Kc7 51.Kc4 Na7 52.b5 Rc8 53.Kb4 Kb8 54.c4 Bg7
55.Rb6+ Ka8 56.c5 Bf8 57.Rd5 Be7 58.Ra6 Kb8 59.Rxa7 1-0

[Event "6th EUR-ch (w)"]
[Site "Chisinau MDA"]
[Date "2005.06.11"]
[Round "1"]
[White "Sedina, Elena"]
[Black "Fakhiridou, Ekaterini"]
[Result "1/2-1/2"]
[WhiteElo "2422"]
[BlackElo "2247"]
[EventDate "2005.06.10"]
[PlyCount "106"]

1.e4 e5 2.Nf3 Nc6 3.Nc3 Nf6 4.a3 Be7 5.d4 exd4 6.Nxd4 O-O 7.Nxc6 dxc6 8.
Qxd8 Rxd8 9.Be2 Re8 10.f3 Be6 11.Be3 Nd7 12.Bf4 Rac8 13.O-O-O Bf6 14.Nb1 
Be5 15.Bxe5 Nxe5 16.Nd2 Ng6 17.Rhe1 Rcd8 18.Nb3 Nf4 19.Bf1 Bxb3 20.cxb3 
Ne6 21.b4 Kf8 22.g3 c5 23.bxc5 Nxc5 24.Kc2 Ke7 25.Bc4 Ne6 26.Kc3 Rxd1 27.
Rxd1 Rd8 28.Rxd8 Nxd8 29.e5 Ne6 30.f4 g6 31.Kd3 c6 32.Ke3 Nc5 33.Kd4 Ne6+ 
34.Ke3 Nc5 35.b4 Ne6 36.g4 Ng7 37.Ke4 h5 38.f5 gxf5+ 39.gxf5 f6 40.h4 fxe5
41.Kxe5 Ne8 42.Be2 Nf6 43.Bf3 a6 44.Kf4 Kd6 45.Kg5 Ke5 46.Kg6 Ng8 47.Bxh5 
Ne7+ 48.Kg5 Nxf5 49.Bg4 Nxh4 50.Kxh4 Kd4 51.Kg5 Kc3 52.Bc8 Kb3 53.Bxb7 
Kxa3 1/2-1/2

[Event "6th EUR-ch (w)"]
[Site "Chisinau MDA"]
[Date "2005.06.11"]
[Round "1"]
[White "Laesson, Tuulikki"]
[Black "Zielinska, Marta"]
[Result "1-0"]
[WhiteElo "2246"]
[BlackElo "2419"]
[EventDate "2005.06.10"]
[PlyCount "109"]

1.e4 d6 2.Nf3 g6 3.d4 Bg7 4.Bc4 e6 5.Bb3 Nd7 6.O-O Ne7 7.Re1 h6 8.c3 b6 9.
Nbd2 Bb7 10.Nf1 a6 11.Ng3 b5 12.h4 Nb6 13.Qe2 Qd7 14.Be3 Rb8 15.Rad1 Bc8 
16.h5 g5 17.Bc1 Qd8 18.Nh2 d5 19.f4 gxf4 20.Bxf4 dxe4 21.Nxe4 Nbd5 22.Be5 
f6 23.Bg3 Rg8 24.Qf3 Rb6 25.Nc5 Kf7 26.Bc2 Rf8 27.Ng4 Kg8 28.Re2 Qe8 29.
Ne3 f5 30.Nxd5 Nxd5 31.Be5 Nf6 32.Bxc7 Rc6 33.Be5 Ng4 34.Bxg7 Kxg7 35.Qh3 
e5 36.Rde1 Qd8 37.Qf3 e4 38.Qf4 Qh4 39.b4 Qxh5 40.d5 Rg6 41.d6 Rxd6 42.
Qxd6 f4 43.Qd4+ Rf6 44.Rxe4 Qh2+ 45.Kf1 Ne3+ 46.R4xe3 fxe3+ 47.Ke2 Qh5+ 
48.Kd3 Bf5+ 49.Ne4 Bxe4+ 50.Qxe4 Rd6+ 51.Kxe3 Qg5+ 52.Qf4 Re6+ 53.Be4 Qxg2
54.Kd3 Qh3+ 55.Re3 1-0

[Event "6th EUR-ch (w)"]
[Site "Chisinau MDA"]
[Date "2005.06.11"]
[Round "1"]
[White "Kachiani-Gersinska, Ketino"]
[Black "Ionica, Iulia-Ionela"]
[Result "1-0"]
[WhiteElo "2418"]
[BlackElo "2245"]
[EventDate "2005.06.10"]
[PlyCount "107"]

1.d4 Nf6 2.c4 e6 3.g3 Bb4+ 4.Bd2 Qe7 5.Nf3 Nc6 6.Nc3 Bxc3 7.Bxc3 Ne4 8.Rc1
d5 9.Bg2 O-O 10.O-O Nd8 11.Ne5 Nxc3 12.Rxc3 f6 13.Nd3 c6 14.Qb3 Nf7 15.e3 
Nd6 16.Qa3 Re8 17.b3 a5 18.Rfc1 Bd7 19.Qb2 a4 20.Nc5 axb3 21.axb3 Ra7 22.
Ra1 Rea8 23.Rcc1 Bc8 24.Rxa7 Rxa7 25.e4 dxe4 26.Nxe4 Nxe4 27.Bxe4 Qa3 28.
Qc2 f5 29.Bf3 Bd7 30.Qc3 Qd6 31.c5 Qb8 32.Qe3 Ra3 33.Be2 Qe8 34.Bc4 Kf7 
35.Qe5 g6 36.Re1 Ra8 37.Qc7 Qe7 38.Qxb7 Rd8 39.Qc7 g5 40.Re5 Rc8 41.Qa7 
Kf6 42.Qa1 h5 43.b4 Kg6 44.Qe1 Re8 45.d5 cxd5 46.Bxd5 h4 47.c6 Bc8 48.b5 
hxg3 49.hxg3 Rh8 50.Bxe6 Qh7 51.Bd5 Qh2+ 52.Kf1 Qh3+ 53.Bg2 Qg4 54.Re8 1-0

[Event "6th EUR-ch (w)"]
[Site "Chisinau MDA"]
[Date "2005.06.11"]
[Round "1"]
[White "Czarnota, Dorota"]
[Black "Khurtsidze, Nino"]
[Result "0-1"]
[WhiteElo "2244"]
[BlackElo "2418"]
[EventDate "2005.06.10"]
[PlyCount "156"]

1.e4 c6 2.d4 d5 3.Nc3 dxe4 4.Nxe4 Bf5 5.Ng3 Bg6 6.h4 h6 7.Nf3 Nd7 8.h5 Bh7
9.Bd3 Bxd3 10.Qxd3 e6 11.Bf4 Ngf6 12.O-O-O Be7 13.Kb1 Qa5 14.Ne5 Nxe5 15.
dxe5 Nd5 16.Bd2 Qc7 17.c4 Nb4 18.Bxb4 Bxb4 19.f4 O-O 20.Ne4 Rad8 21.Qe2 
Qb6 22.g4 Rxd1+ 23.Rxd1 Rd8 24.Rxd8+ Qxd8 25.a3 Bf8 26.Kc2 Qd4 27.Qd3 Qg1 
28.Qe2 b5 29.cxb5 cxb5 30.g5 hxg5 31.Nxg5 a6 32.Ne4 Be7 33.Kb3 Qc1 34.Nd2 
Bd8 35.Ka2 Qc2 36.Qe3 Be7 37.Nb3 Qc4 38.Qa7 Bxa3 39.bxa3 Qc2+ 40.Ka1 Qc3+ 
41.Ka2 Qc2+ 42.Ka1 Qxb3 43.Qxa6 Kh7 44.Qa7 Qc3+ 45.Kb1 Qd3+ 46.Kb2 Qe2+ 
47.Kb3 Qc4+ 48.Kb2 Qxf4 49.Qc5 Qa4 50.Qf2 b4 51.Qxf7 Qxa3+ 52.Kc2 Qc3+ 53.
Kb1 Qd3+ 54.Kb2 Qf5 55.Qc7 Qxh5 56.Kb3 Qg4 57.Qc2+ Kh6 58.Qd2+ Kg6 59.Qc2+
Kg5 60.Qd2+ Kf5 61.Qf2+ Kxe5 62.Qc5+ Kf6 63.Qf2+ Kg6 64.Qc2+ Kf7 65.Qc7+ 
Kf6 66.Qd8+ Kg6 67.Qd3+ Qf5 68.Qg3+ Kf6 69.Qh4+ g5 70.Qh6+ Ke5 71.Qg7+ Kf4
72.Kxb4 e5 73.Qc7 Qe4+ 74.Kb5 Qe3 75.Qc4+ Kg3 76.Qf1 e4 77.Kc6 g4 78.Qh1 
Qf2 0-1

[Event "6th EUR-ch (w)"]
[Site "Chisinau MDA"]
[Date "2005.06.11"]
[Round "1"]
[White "Sebag, Marie"]
[Black "Hamelink, Desiree"]
[Result "1-0"]
[WhiteElo "2417"]
[BlackElo "2244"]
[EventDate "2005.06.10"]
[PlyCount "67"]

1.e4 c5 2.c3 d5 3.exd5 Qxd5 4.d4 Nc6 5.Nf3 Bg4 6.Be2 cxd4 7.cxd4 e6 8.Nc3 
Qd8 9.O-O Nf6 10.Be3 Be7 11.h3 Bh5 12.a3 O-O 13.Rc1 a6 14.Qb3 Qd7 15.Rfd1 
Nd5 16.Nxd5 exd5 17.g4 Bg6 18.Ne5 Nxe5 19.dxe5 Rac8 20.Qxd5 Qxd5 21.Rxd5 
Rxc1+ 22.Bxc1 Be4 23.Rd7 Bc5 24.Be3 Bxe3 25.fxe3 h5 26.Bc4 hxg4 27.hxg4 b5
28.Bb3 Bg6 29.Rd6 Kh7 30.Rxa6 Re8 31.e6 fxe6 32.Rb6 Bd3 33.Bxe6 Rf8 34.Rd6
1-0

[Event "6th EUR-ch (w)"]
[Site "Chisinau MDA"]
[Date "2005.06.11"]
[Round "1"]
[White "Dragomirescu, Angela"]
[Black "Kononenko, Tatiana"]
[Result "1/2-1/2"]
[WhiteElo "2241"]
[BlackElo "2416"]
[EventDate "2005.06.10"]
[PlyCount "54"]

1.d4 d5 2.c4 c6 3.Nf3 Nf6 4.Nc3 dxc4 5.a4 Bf5 6.Ne5 Nbd7 7.Nxc4 Nb6 8.Ne5 
a5 9.f3 Nfd7 10.e4 Nxe5 11.dxe5 Be6 12.Qxd8+ Rxd8 13.Be3 Nc4 14.Bxc4 Bxc4 
15.Bb6 Ra8 16.O-O-O Bb3 17.Rd3 e6 18.Kb1 Bb4 19.Rc1 Ke7 20.Na2 Bxa4 21.
Nxb4 axb4 22.Bc5+ Ke8 23.Bxb4 Rd8 24.Bd6 f6 25.b3 Bb5 26.Rd2 Kf7 27.Rcd1 
fxe5 1/2-1/2

[Event "6th EUR-ch (w)"]
[Site "Chisinau MDA"]
[Date "2005.06.11"]
[Round "1"]
[White "Danielian, Elina"]
[Black "Gheorghe, Corina"]
[Result "1/2-1/2"]
[WhiteElo "2415"]
[BlackElo "2234"]
[EventDate "2005.06.10"]
[PlyCount "134"]

1.Nf3 d5 2.c4 e6 3.g3 Nf6 4.Bg2 Be7 5.O-O dxc4 6.Qc2 a6 7.Qxc4 b5 8.Qc2 
Bb7 9.a4 c5 10.axb5 axb5 11.Rxa8 Bxa8 12.Na3 Qb6 13.Qb3 b4 14.Nc4 Qa6 15.
d3 O-O 16.Bd2 Bd5 17.Rc1 Nbd7 18.Qd1 Ra8 19.Ne3 Bc6 20.d4 Rd8 21.Ra1 Qb5 
22.dxc5 Nxc5 23.Ra7 Bf8 24.b3 Bxf3 25.exf3 Qd3 26.Ra2 Qxb3 27.Qxb3 Nxb3 
28.Bxb4 Bxb4 29.Rb2 Rd3 30.Bf1 Ba3 31.Rc2 Rd8 32.Rc3 Rb8 33.Bc4 Nd2 34.
Rxa3 Nxf3+ 35.Kg2 Ne5 36.Be2 g6 37.Ra5 Nc6 38.Ra6 Nd4 39.Bd3 Kg7 40.Ra4 
Nc6 41.Ra2 Rd8 42.Bb5 Nb4 43.Ra7 Rd2 44.Nc4 Ra2 45.Rxa2 Nxa2 46.Ne5 Nc3 
47.Bc6 Nfd5 48.f4 f6 49.Nd3 Kf7 50.Kf3 Ke7 51.Bxd5 exd5 52.Ke3 Kd6 53.Kd4 
Nb5+ 54.Ke3 d4+ 55.Ke4 f5+ 56.Kf3 Kd5 57.Ne5 Nc3 58.h3 Kc5 59.g4 Kb4 60.
gxf5 gxf5 61.Nc6+ Kc4 62.Ne7 d3 63.Nxf5 d2 64.Ne3+ Kd4 65.f5 Kc5 66.f6 Kd6
67.Nc4+ Ke6 1/2-1/2

[Event "6th EUR-ch (w)"]
[Site "Chisinau MDA"]
[Date "2005.06.11"]
[Round "1"]
[White "Mirzoeva, Elmira"]
[Black "Slavina, Irina"]
[Result "1/2-1/2"]
[WhiteElo "2232"]
[BlackElo "2415"]
[EventDate "2005.06.10"]
[PlyCount "165"]

1.b3 d5 2.Bb2 Nf6 3.Bxf6 exf6 4.d4 c5 5.e3 cxd4 6.exd4 Nc6 7.c3 Bd6 8.Bd3 
O-O 9.Ne2 Re8 10.O-O Bg4 11.h3 Bd7 12.Nd2 Rc8 13.Re1 g6 14.Nf1 f5 15.Ne3 
f4 16.Nxd5 Qg5 17.Ndxf4 Bxf4 18.Nxf4 Qxf4 19.Rxe8+ Rxe8 20.Qc1 Qf6 21.Qd2 
Ne7 22.Re1 Nd5 23.Rxe8+ Bxe8 24.Be4 Qf4 25.Qxf4 Nxf4 26.c4 b5 27.Kf1 Ne6 
28.d5 Nc5 29.Bc2 bxc4 30.bxc4 Kg7 31.Ke2 Kf6 32.Ke3 Ke5 33.f4+ Kd6 34.Kd4 
Ba4 35.Bb1 Bd7 36.Bc2 h5 37.h4 Bf5 38.Bd1 a5 39.a3 a4 40.Kc3 f6 41.Bf3 Nd3
42.Kd4 Nc5 43.Kc3 Bb1 44.g4 hxg4 45.Bxg4 f5 46.Bf3 Bd3 47.h5 gxh5 48.Bxh5 
Be4 49.Be2 Bb1 50.Bd1 Bd3 51.Bf3 Bf1 52.Bh1 Be2 53.Bg2 Bg4 54.Bh1 Bh3 55.
Bf3 Bf1 56.Bh1 Nd3 57.Kd4 Nxf4 58.c5+ Kd7 59.Bf3 Bg2 60.Bxg2 Nxg2 61.Ke5 
Ne3 62.d6 Nc4+ 63.Kd5 Na5 64.Ke5 Nb7 65.Kd5 Nd8 66.Ke5 Kc6 67.Kxf5 Kxc5 
68.d7 Kd6 69.Ke4 Ne6 70.Kd3 Kxd7 71.Kc4 Kc6 72.Kb4 Nc5 73.Ka5 Kd5 74.Kb5 
Kd6 75.Kb4 Kc6 76.Ka5 Kd6 77.Kb4 Kd5 78.Kb5 Kd4 79.Kb4 Kd3 80.Kb5 Kc3 81.
Kxc5 Kb3 82.Kd4 Kxa3 83.Kc3 1/2-1/2

[Event "6th EUR-ch (w)"]
[Site "Chisinau MDA"]
[Date "2005.06.11"]
[Round "1"]
[White "Pahtz, Elisabeth"]
[Black "Bensdorp, Marlies"]
[Result "1-0"]
[WhiteElo "2407"]
[BlackElo "2232"]
[EventDate "2005.06.10"]
[PlyCount "57"]

1.e4 e6 2.d4 d5 3.Nc3 Nf6 4.e5 Nfd7 5.f4 c5 6.Nce2 Nc6 7.Nf3 Be7 8.c3 O-O 
9.a3 a5 10.g3 Qb6 11.f5 exf5 12.Nf4 cxd4 13.cxd4 Re8 14.Nxd5 Qd8 15.Be2 
Nf8 16.Nc3 Ng6 17.Be3 h6 18.O-O f4 19.gxf4 Bh3 20.Rf2 Qd7 21.Kh1 Red8 22.
d5 Na7 23.Qg1 Nc8 24.e6 Qe8 25.exf7+ Qxf7 26.Ne5 Nxe5 27.fxe5 Qe8 28.Bxh6 
Bf8 29.Qg3 1-0

[Event "6th EUR-ch (w)"]
[Site "Chisinau MDA"]
[Date "2005.06.11"]
[Round "1"]
[White "Dolzhikova, Kateryna"]
[Black "Foisor, Cristina"]
[Result "1-0"]
[WhiteElo "2232"]
[BlackElo "2406"]
[EventDate "2005.06.10"]
[PlyCount "85"]

1.e4 c5 2.Nf3 e6 3.c4 Nc6 4.Nc3 a6 5.Be2 Nd4 6.Nxd4 cxd4 7.Nb1 b5 8.O-O 
Bb7 9.cxb5 Bxe4 10.bxa6 Nf6 11.b3 Qa5 12.Bb2 Bd6 13.Bf3 Qe5 14.g3 O-O 15.
d3 Bxf3 16.Qxf3 Bb4 17.a3 Bc3 18.Nxc3 dxc3 19.d4 Qb5 20.Qxc3 Rxa6 21.Qc4 
Qb7 22.b4 Ne4 23.d5 exd5 24.Qd4 Rg6 25.Rfd1 Qa6 26.Re1 Ng5 27.Re3 Qa4 28.
h4 Ne4 29.Qxd5 Nf6 30.Bxf6 Rxf6 31.Rae1 Re6 32.b5 Qa7 33.a4 h6 34.Qc4 Qa5 
35.R1e2 Ra8 36.Rxe6 fxe6 37.Qd4 Qc7 38.Qb4 Qb6 39.Rd2 d5 40.Rc2 Qa7 41.b6 
Qd7 42.Rc7 Rxa4 43.Qb2 1-0